000 01581nam a2200409 ab4500
999 _c347457
_d347457
003 BLK
005 20250214141805.0
008 191230b bu |||||r|||| 00| 0 bu d
020 _a9789543160716
040 _aBLK
041 _aBUL
_cBUL
080 _aБългарска литература
_b821.163.2
_x(081.1)
_z821.163.2(081.1)
080 _aБългарска литература
_b821.163.2
_x-32
_z821.163.2-32
100 _9429765
_aРадичков, Йордан Димитров
_d1929-2004
139 _aРадичков, Йордан Димитров
_bР 14
245 _aСъбрани съчинения
_bв 12 т. За том 1:Разкази 1959-1965
_cЙордан Димитров Радичков.
_nТ. 1
_pРазкази 1959-1965
250 _a1 издание
257 _aBGR
260 _9209874
_aСофия
_bД-р Иван Богоров
_c2009
300 _c24 см
380 _aX
700 _9401545
_aПелева, Инна Иванова
_eсъставител
700 _9363370
_aПаунов, Виктор
_eхудож.
760 _aРадичков, Йордан Димитров
_dД-р Иван Богоров - 2009
_h558 с.
_nТ.1
_tТ. 1 Разкази 1959-1965
852 _bП
_cП 886.7(081)/Р 14
856 _i0.00
_ldisable
942 _cKNG
_n0
_s1
_016
944 _aCR
_c2019-12-30
_k30531
_lЦветелина Шанова
999 _d347457
999 _d347457
999 _d347457
999 _d347457
999 _d347457
999 _d347457
999 _d347457
999 _d347457